[Event "Angers op 1st"]
[Site "Angers"]
[Date "2006.05.08"]
[Round "5"]
[White "Berthou, Christian"]
[Black "Rougier, Christopher"]
[Result "1/2-1/2"]
[WhiteElo "1929"]
[BlackElo "1700"]
[PlyCount "205"]
[EventDate "2006.05.06"]
[EventType "swiss"]
[EventRounds "6"]
[EventCountry "FRA"]
[SourceTitle "EXT 2007"]
[Source "ChessBase"]
[SourceDate "2006.11.23"]
[SourceVersion "1"]
[SourceVersionDate "2006.11.23"]
[SourceQuality "1"]

1. d4 d5 2. Nf3 c5 3. c3 Nc6 4. Bf4 Nf6 5. h3 Bf5 6. e3 e6 7. Be2 Be7 8. 0-0 Nh5 9. Bh2 0-0 10. dxc5 Bxc5 11. Nd4 Bxd4 12. cxd4 Nf6 13. a3 Qb6 14. b4 Ne4 15. g4 Bg6 16. f3 Nf6 17. Kh1 Rfe8 18. Nc3 Nxb4 19. axb4 Qxb4 20. Nb5 Rec8 21. Bd3 a6 22. Bd6 Qb2 23. Nc7 Ra7 24. Bxg6 hxg6 25. Qb1 Qe2 26. Qb3 a5 27. Rae1 Qd2 28. Qb6 Ra6 29. Qxb7 Raa8 30. Qb1 Rab8 31. Qc1 Qa2 32. Qa1 Qd2 33. Qc1 Qa2 34. Qa1 Qd2 35. Rb1 Ne8 36. Rbd1 Qe2 37. Rde1 Qd2 38. Bg3 Nxc7 39. Rf2 Qb4 40. Rc1 Qb6 41. Rfc2 Rb7 42. h4 Kf8 43. Kh2 Ke8 44. Be1 Ra7 45. Qa4+ Kf8 46. Kh3 Kg8 47. Qd7 Qb7 48. Bg3 a4 49. Bxc7 a3 50. Ra2 Rxc7 51. Rxc7 Qxc7 52. Qxc7 Rxc7 53. Rxa3 Kf8 54. Kg3 Ke7 55. Kf4 Rb7 56. h5 gxh5 57. gxh5 Kf6 58. Ra1 Rb8 59. Rg1 Rh8 60. Rh1 Rh6 61. Rh4 Rh8 62. Kg4 Rh6 63. e4 Rh8 64. e5+ Ke7 65. f4 Rc8 66. f5 Rc4 67. Kg5 exf5 68. Kxf5 Rc6 69. Rg4 Kf8 70. Rg3 Rc4 71. Rd3 Rc6 72. Rb3 Rc4 73. Rd3 Rc6 74. Kg5 Rb6 75. Kf4 Rh6 76. Rh3 Ke7 77. Kg5 Ke6 78. Rf3 Ke7 79. Ra3 Rb6 80. Ra5 Ke6 81. h6 gxh6+ 82. Kxh6 Rc6 83. Kg7 Rc7 84. Ra6+ Ke7 85. Rd6 f6 86. Rxf6 Rc4 87. Rf4 Ke6 88. Kg6 Rb4 89. Rf6+ Ke7 90. Rf4 Ke6 91. Kg5 Ke7 92. Kf5 Rb3 93. Rh4 Rf3+ 94. Kg5 Rd3 95. Kf5 Rf3+ 96. Rf4 Re3 97. Kg4 Ke6 98. Rf6+ Ke7 99. Kf5 Re4 100. Re6+ Kf7 101. Rf6+ Ke7 102. Re6+ Kf7 103. Rf6+ 1/2-1/2

[Event "Angers op 1st"]
[Site "Angers"]
[Date "2006.05.07"]
[Round "3"]
[White "Belloeil, Ludovic"]
[Black "Rougier, Christopher"]
[Result "1-0"]
[WhiteElo "2020"]
[BlackElo "1700"]
[PlyCount "33"]
[EventDate "2006.05.06"]
[EventType "swiss"]
[EventRounds "6"]
[EventCountry "FRA"]
[SourceTitle "EXT 2007"]
[Source "ChessBase"]
[SourceDate "2006.11.23"]
[SourceVersion "1"]
[SourceVersionDate "2006.11.23"]
[SourceQuality "1"]

1. e4 e6 2. d4 d5 3. exd5 exd5 4. Nf3 Bd6 5. Bd3 Nf6 6. 0-0 0-0 7. c3 h6 8. Re1 b6 9. Nbd2 Bb7 10. Ne5 c5 11. Ndf3 Nfd7 12. Bf4 Qc7 13. Qd2 Nc6 14. Bxh6 Ncxe5 15. dxe5 Nxe5 16. Bxg7 Nxd3 17. Qh6 1-0

[Event "Angers op 1st"]
[Site "Angers"]
[Date "2006.05.07"]
[Round "2"]
[White "Rougier, Christopher"]
[Black "Giraud, Thierry"]
[Result "0-1"]
[WhiteElo "1700"]
[BlackElo "1978"]
[PlyCount "62"]
[EventDate "2006.05.06"]
[EventType "swiss"]
[EventRounds "6"]
[EventCountry "FRA"]
[SourceTitle "EXT 2007"]
[Source "ChessBase"]
[SourceDate "2006.11.23"]
[SourceVersion "1"]
[SourceVersionDate "2006.11.23"]
[SourceQuality "1"]

1. d4 d5 2. c4 dxc4 3. Nc3 c6 4. e4 b5 5. a4 Bd7 6. d5 b4 7. Na2 Qa5 8. Bd2 e6 9. Bxc4 cxd5 10. exd5 exd5 11. Bb3 Nf6 12. h3 Bc5 13. Bg5 Bxf2+ 14. Kxf2 Ne4+ 15. Ke1 Qb6 16. Qe2 0-0 17. Be3 d4 18. Bf2 Re8 19. Bxf7+ Kxf7 20. Qf3+ Nf6+ 21. Ne2 Nc6 22. Kf1 Kg8 23. Rd1 Ne4 24. Nxd4 Nxf2 25. Qxf2 Rf8 26. Nf3 Qa6+ 27. Kg1 Ne5 28. Nxb4 Qxa4 29. Nd3 Qxd1+ 30. Nde1 Nxf3+ 31. gxf3 Rae8 0-1

[Event "Angers op 1st"]
[Site "Angers"]
[Date "2006.05.07"]
[Round "4"]
[White "Rougier, Christopher"]
[Black "Massard, Aurelie"]
[Result "1-0"]
[WhiteElo "1700"]
[BlackElo "1350"]
[PlyCount "129"]
[EventDate "2006.05.06"]
[EventType "swiss"]
[EventRounds "6"]
[EventCountry "FRA"]
[SourceTitle "EXT 2007"]
[Source "ChessBase"]
[SourceDate "2006.11.23"]
[SourceVersion "1"]
[SourceVersionDate "2006.11.23"]
[SourceQuality "1"]

1. d4 d5 2. c4 Bf5 3. Nc3 Nf6 4. Nf3 e6 5. Bg5 Be7 6. Nh4 Bg6 7. Nxg6 hxg6 8. e3 Nc6 9. cxd5 exd5 10. Bd3 Qd7 11. Qf3 0-0-0 12. h4 Kb8 13. 0-0-0 Nb4 14. Bb5 Nc6 15. Rhe1 a6 16. Ba4 Bb4 17. Bxf6 Bxc3 18. bxc3 gxf6 19. Qxf6 Qd6 20. Qxd6 Rxd6 21. g3 Ne7 22. e4 dxe4 23. Rxe4 Nc8 24. Rde1 b5 25. Bb3 f5 26. Re6 Rhd8 27. f3 Kb7 28. a3 a5 29. g4 fxg4 30. fxg4 Rh8 31. Rh1 Rxe6 32. Bxe6 g5 33. Bxc8+ Kxc8 34. h5 Kd7 35. Re1 Re8 36. Rxe8 Kxe8 37. Kd2 Kf7 38. Ke3 c6 39. Ke4 Kf6 40. h6 Kg6 41. h7 Kxh7 42. Kf5 Kh8 43. Kxg5 Kg7 44. Kf5 Kf7 45. g5 Kg7 46. g6 Kg8 47. Ke6 Kg7 48. Kd6 b4 49. cxb4 axb4 50. axb4 Kxg6 51. Kxc6 Kf7 52. b5 Ke6 53. d5+ Ke7 54. d6+ Kd8 55. b6 Ke8 56. d7+ Ke7 57. b7 Ke6 58. b8R Ke5 59. d8Q Ke6 60. Qd7+ Ke5 61. Re8+ Kf6 62. Qe7+ Kf5 63. Qf7+ Kg5 64. Rg8+ Kh6 65. Qg6# 1-0

[Event "Angers op 1st"]
[Site "Angers"]
[Date "2006.05.06"]
[Round "1"]
[White "Thierauch, Jacob"]
[Black "Rougier, Christopher"]
[Result "0-1"]
[WhiteElo "1499"]
[BlackElo "1700"]
[PlyCount "117"]
[EventDate "2006.05.06"]
[EventType "swiss"]
[EventRounds "6"]
[EventCountry "FRA"]
[SourceTitle "EXT 2007"]
[Source "ChessBase"]
[SourceDate "2006.11.23"]
[SourceVersion "1"]
[SourceVersionDate "2006.11.23"]
[SourceQuality "1"]

1. e4 e6 2. Nf3 d5 3. exd5 exd5 4. d4 Nf6 5. Bg5 Be7 6. Nbd2 0-0 7. Bd3 Nc6 8. c3 Re8 9. 0-0 h6 10. Bh4 Bg4 11. h3 Bh5 12. Qc2 Bxf3 13. Nxf3 a6 14. Rfe1 b5 15. Ne5 Nxe5 16. Rxe5 Nd7 17. Bxe7 Rxe7 18. Ree1 Qe8 19. Re2 Re6 20. Rae1 Rxe2 21. Rxe2 Qf8 22. b3 Re8 23. c4 Rxe2 24. Qxe2 bxc4 25. bxc4 dxc4 26. Bxc4 a5 27. Qe1 a4 28. Qa5 Nb6 29. Bd3 Qd6 30. Qb5 g6 31. Qe8+ Kg7 32. Qe5+ Qxe5 33. dxe5 c5 34. Kf1 c4 35. Bc2 Kf8 36. Ke2 Ke7 37. Kd2 Ke6 38. f4 Kd5 39. h4 Kd4 40. g4 a3 41. h5 gxh5 42. gxh5 Nd5 43. Bg6 fxg6 44. hxg6 c3+ 45. Kc1 h5 46. e6 h4 47. f5 Ke5 48. g7 Ne7 49. Kc2 h3 50. Kxc3 h2 51. f6 Kxf6 52. Kb4 h1Q 53. Kxa3 Qa8+ 54. Kb4 Qxa2 55. Kc5 Qd5+ 56. Kb6 Qxe6+ 57. Kb7 Qc6+ 58. Kb8 Qb6+ 59. Ka8 0-1